000 00522nam a2200181 i 4500
001 47364
003 ES-MaACL
005 20250620063013.0
007 t|
008 030407s1961 sp ||||1| spa d
100 1 _aCorbera Fradera, Carolina,
_d1926-1979
_940459
245 1 0 _aCartas a un enfermo /
_cCarolina Corbera Fradera.
260 _aMadrid :
_bLincor,
_c1961.
300 _a267 p. ;
_c14 cm.
852 _aES-MaACL
_jD-8412
_bR.49469
852 _aES-MaACL
_jC-21082
_bR.49468
999 _c47364
_d47364